| 000 | 00540nam a2200169Ia 4500 | ||
|---|---|---|---|
| 003 | OSt | ||
| 005 | 20200515090800.0 | ||
| 008 | 190216s9999||||xx |||||||||||||| ||und|| | ||
| 040 | _coclc | ||
| 082 |
_a297.5 _bKHA/C |
||
| 100 |
_aKhan, Abdurrashid _92283 |
||
| 245 | 4 |
_aThe Character That Islam Builds / _cAbdurrashid Khan |
|
| 260 |
_bNajmus Saqib Islamic Publications, _c1990. _aSolapur: |
||
| 300 | _a162p | ||
| 650 | 0 |
_aHistory & geography _vIslamic History _92271 |
|
| 942 |
_cREF _2ddc _h297.5 _iKHA/C _k297.5 _mKHA/C |
||
| 999 |
_c36115 _d36115 |
||